Conservation of fish and shellfish resources : Managing diversity

Guardado en:
Detalles Bibliográficos
Formato: Libro
Lenguaje:Undetermined
Publicado: London Academic Press 1995
Materias:
Etiquetas: Agregar Etiqueta
Sin Etiquetas, Sea el primero en etiquetar este registro!
Thư viện lưu trữ: Trung tâm Học liệu Trường Đại học Cần Thơ
LEADER 00520nam a2200193Ia 4500
001 CTU_68118
008 210402s9999 xx 000 0 und d
020 |b 67 
082 |a 333.956 
082 |b C755 
245 0 |a Conservation of fish and shellfish resources : 
245 0 |b Managing diversity 
245 0 |c Edited by J. E. Thorpe ... [et al.] 
260 |a London 
260 |b Academic Press 
260 |c 1995 
650 |a Shellfish 
904 |i Minh 
980 |a Trung tâm Học liệu Trường Đại học Cần Thơ